| 000 | 00759nam a2200241 a 4500 | ||
|---|---|---|---|
| 001 | 26262 | ||
| 003 | CO-ViMGA | ||
| 008 | 141112s2004 ck r 000 u spa d | ||
| 015 | _ack - 2012 - xxxx | ||
| 020 | _a9789588445786 | ||
| 040 |
_aCO-ViMGA _bspa _cCO-ViMGA |
||
| 082 | 0 | 4 | _aCo863.5 M55c |
| 100 | 1 |
_aMontaña Ibánez, Francisco _98126 |
|
| 245 | 1 | 0 |
_aNo comas renacuajos / _cFrancisco Montaña Ibáñez |
| 260 |
_aBogotá : _bBabel Libros, _c2012 |
||
| 300 | _a151 p. ; 17 cm | ||
| 490 | _aFrontera | ||
| 490 | _aFrontera ; 6 | ||
| 650 | 1 | 4 |
_aNovela juvenil colombiana - Siglo XXI _941000 |
| 917 | _a2012 - 6941 2 ejemplares | ||
| 942 |
_2ddc _cBK |
||
| 990 | _a2012 - 6941 Babel Libros S.A.S 2 ejemplares 21 14/11/2012 a829525 14/11/2012 14/11/2012 | ||
| 999 |
_c3787 _d3787 |
||